000
00301nam a2200121Ia 4500
008
190216s9999||||xx |||||||||||||| ||und||
100
_a
Pylee M V & Sankara Narayanan K C
245
0
_a
Professional Management In India
260
_b
Null
_c
1976
300
_a
466p
650
_a
Commerce
942
_c
BK
999
_c
4290
_d
4290